000 01155nam a22003137a 4500
005 20100531162657.0
008 100531t xxu||||| |||| 00| 0 eng d
010 _aENG-96237
020 _a9780070702479
_c399.00
020 _a0070702470
_c399.00
035 _aEN-79770
037 _bDBAD/PUB
040 _aDPL
_bEng
082 _a624.1821
100 _aGaylord, Edwin H.
_q(Edwin Henry),
_d1903-1998.
245 _aDesign of steel structures /
_cby Edwin H. Gaylord, Jr., Charles N. Gaylord [and] James E. Stallmeyer
250 _a3rd ed
260 _aNew Delhi
_bTata McGraw-Hill
_c2010
270 _a7, West Patel Nagar
_bNew Delhi
_e110008
300 _axxi, 792 p. :
_bill.
_c25 cm (pbk)
500 _aIncludes bibliographical references and index
650 _aBuilding, Iron and steel.
650 _aAluminum construction.
700 _aGaylord, Charles N.
700 _aStallmeyer, James E.
740 _aSteel structures.
942 _2ddc
_cEN
_h624.1821
_mGAY
999 _c36423
_d36423